000 00635nam a2200217Ia 4500
005 20241216010314.0
008 180423s9999||||xx |||||||||||||| ||und||
082 _a348
_bR41
100 _aRENDON VASQUEZ JORGE
245 0 _aSISTEMA NACIONAL DE PENSIONES DEL IPSS O AFP
_bguia para adoptar una decision
250 _a1
260 _aLIMA-PERU
_bCALLE NAVARRA
_c1993
300 _a48 pag.
_c16 cm
341 _h0
490 _v0
_a0
505 _aSISTEMA DE LAS AFP Y EL SISTEMA NACIONAL DE PENSIONES
541 _aD
_bBUSTAMANTE ROBLES CESAR
_d16-Apr-08
650 _aCIENCIAS SOCIALES
856 _zHumanidades
942 _cLIBRO
999 _c10960
_d10960